Thành phố đi vắng : Tập truyện ngắn

Uloženo v:
Podrobná bibliografie
Hlavní autor: Nguyễn, Thị Thu Huệ
Médium: Kniha
Jazyk:Undetermined
Vydáno: Thành phố Hồ Chí Minh Trẻ 2012
Témata:
Tagy: Přidat tag
Žádné tagy, Buďte první, kdo otaguje tento záznam!
Thư viện lưu trữ: Trung tâm Học liệu Trường Đại học Cần Thơ
LEADER 00671nam a2200217Ia 4500
001 CTU_175820
008 210402s9999 xx 000 0 und d
020 |c 75000 
082 |a 895.92234 
082 |b H507 
100 |a Nguyễn, Thị Thu Huệ 
245 0 |a Thành phố đi vắng : 
245 0 |b Tập truyện ngắn 
245 0 |c Nguyễn Thị Thu Huệ 
260 |a Thành phố Hồ Chí Minh 
260 |b Trẻ 
260 |c 2012 
650 |a Short stories, vietnamese,Truyện ngắn Việt Nam 
650 |y 21st century,Thế kỷ 21 
904 |i Hải 
980 |a Trung tâm Học liệu Trường Đại học Cần Thơ